Statistics for Bengali Cities Map Quiz

Click here to take the quiz!

General Stats

  • This quiz has been taken 86 times
  • The average score is 7 of 12

Answers on the Map

Answers color-coded by a green-red scale on the quiz's map according to % correct below.
 

Answer Stats

Answer% Correct
Dhaka
86%
Kolkata
82%
Chittagong
77%
Durgapur
64%
Siliguri
63%
Sylhet
55%
Agartala
54%
Khulna
54%
Asansol
48%
Rajshahi
46%
Comilla
41%
Bogra
34%

Score Distribution

Percentile by Number Answered

Percent of People with Each Score

Your Score History

You have not taken this quiz